000 00522nam a2200193 a 4500
001 1769488319096
003 YourLibrary
005 20260128114524.0
008 260127s2005##################000#0#eng##
020 _a9780415319843
082 0 4 _a302.2343
_bUTT
100 1 _aUtterson, Andrew,
_eauthor.
245 1 0 _aTechnology and Culture, the Film Reader :
260 _bTheatre Arts Books,
_c2005.
300 _a152 pages
650 0 _aPerforming Arts.
942 _cENGLISH
040 _aYourLibrary
_beng
_cYourLibrary
999 _c609380
_d609380